Top 10 Populous cities that start with B - Statistics

General Stats
  • This quiz has been taken 26 times
  • The average score is 6 of 10
Answer Stats
Hint Answer % Correct
11,716,620 Beijing
88%
13,076,300 Buenos Aires
84%
7,674,366 Bogota
76%
5,104,476 Bangkok
72%
5,104,047 Bengaluru
68%
7,216,000 Baghdad
64%
2,373,224 Belo Horizonte
60%
3,426,354 Berlin
56%
3,678,555 Busan
56%
2,600,000 Basrah
8%
No matching quizzes found
Score Distribution
Percent of People with Each Score
Percentile by Number Answered
Your Score History
You have not taken this quiz